مكتبة جامعة عجلون الوطنية

فهرس بحث المكتبة

Normal view MARC view
  • تاليف سعد الله، محمد علي؛ نقديم محمد جمال الدين مختار

Entry Personal Name

Number of records used in: 1

001 - CONTROL NUMBER

  • control field: 14772

003 - CONTROL NUMBER IDENTIFIER

  • control field: JO-AjAnu

005 - DATE AND TIME OF LATEST TRANSACTION

  • control field: 20230606072646.0

008 - FIXED-LENGTH DATA ELEMENTS

  • fixed length control field: 230606|| aca||aabn | a|a d

040 ## - CATALOGING SOURCE

  • Original cataloging agency: JO-AjAnu
  • Transcribing agency: JO-AjAnu

100 ## - HEADING--PERSONAL NAME

  • Personal name: تاليف سعد الله، محمد علي؛ نقديم محمد جمال الدين مختار

670 ## - SOURCE DATA FOUND

  • Source citation: Work cat.: (JO-AjAnu)7586: تاليف سعد الله، محمد علي؛ نقديم محمد جمال الدين مختار, author, الدور السياسي للملكات في مصر القديمة